000 00304 a2200133 4500
005 20250702090848.0
020 _a-13: 978-15098-1635-4
082 _a823.92 JAM
100 _aJAMES, P.
245 _aDead if you Don't.
260 _aLondon,
_bMacmillan,
_c2018.
300 _a419p:
_c25cm
942 _2ddc
_cBKS
999 _c6582
_d6582